| 000 | 00774nam a2200217Ia 4500 | ||
|---|---|---|---|
| 003 | GCL | ||
| 008 | 140319s9999 xx 000 0 ara d | ||
| 040 |
_aGCL / _cGCL |
||
| 082 | 0 | 4 |
_aق _b923.1 _bع م |
| 100 | 1 | _aعادل حموده | |
| 245 | 1 | 0 |
_aالملك احمد فؤاد الثانى الملك الاخير وعرش مصر / _cعادل حموده |
| 260 |
_a[S.N] : _bدار سفنكس للطباعة والنشر والتوزيع ، _c1991 |
||
| 300 | _a258 ص | ||
| 490 | _a | ||
| 650 | 0 | 4 | _aثورة 23 يوليو 1952 |
| 650 | 0 | 4 | _aالملوك والحكام |
| 650 | 0 | 4 | _aالدولة الملكية |
| 650 | 0 | 4 | _aالملك احمد فؤاد (1923 - 1936) |
| 650 | 0 | 4 | _aمصر - تاريخ - العصر الحديث (1805 - 1956 ) |
| 942 |
_2ddc _cBK |
||
| 999 |
_c52480 _d52480 |
||